Statistics for Countries with a Partly Free Internet in 2018

Click here to take the quiz!

General Stats

  • This quiz has been taken 4 times
  • The average score is 9 of 30

Answer Stats

Answer % Correct
India
100%
Mexico
50%
Ukraine
50%
Sri Lanka
50%
Bangladesh
50%
Philippines
25%
Nigeria
25%
Morocco
25%
Zimbabwe
25%
Rwanda
25%
South Korea
25%
Uganda
25%
Tunisia
25%
Malaysia
25%
Zambia
25%
Singapore
25%
Libya
25%
Colombia
25%
Ecuador
25%
Cambodia
25%
Brazil
25%
Azerbaijan
25%
Gambia
25%
Indonesia
25%
Lebanon
25%
Angola
25%
Kyrgyzstan
25%
Kenya
25%
Jordan
25%
Malawi
25%

Score Distribution

Percentile by Number Answered

Percent of People with Each Score

Your Score History

You have not taken this quiz